Le point sur la lecture
Cet ouvrage fait le point sur la place qu'occupe la lecture dans différents courants méthodologiques passés et présents. Il propose des pistes d'interventions pédagogiques en s'intéressant à la fois au lecteur, au texte et à leur interaction.
Shranjeno v:
| Glavni avtor: | |
|---|---|
| Format: | Knjiga |
| Jezik: | Undetermined |
| Izdano: |
Paris
CLE International
1999
|
| Teme: | |
| Oznake: |
Označite
Brez oznak, prvi označite!
|
| Thư viện lưu trữ: | Trung tâm Học liệu Trường Đại học Cần Thơ |
|---|
| LEADER | 00828nam a2200217Ia 4500 | ||
|---|---|---|---|
| 001 | CTU_134031 | ||
| 008 | 210402s9999 xx 000 0 und d | ||
| 020 | |c 294000 | ||
| 082 | |a 448.007 | ||
| 082 | |b C812 | ||
| 100 | |a Cornaire, Claudette | ||
| 245 | 0 | |a Le point sur la lecture | |
| 245 | 0 | |c Claudette Cornaire, Claude Germain | |
| 260 | |a Paris | ||
| 260 | |b CLE International | ||
| 260 | |c 1999 | ||
| 520 | |a Cet ouvrage fait le point sur la place qu'occupe la lecture dans différents courants méthodologiques passés et présents. Il propose des pistes d'interventions pédagogiques en s'intéressant à la fois au lecteur, au texte et à leur interaction. | ||
| 650 | |a Language and languages | ||
| 650 | |x Study and teaching | ||
| 904 | |i Giang | ||
| 980 | |a Trung tâm Học liệu Trường Đại học Cần Thơ | ||